Soy mi propio paisaje (Record no. 1608)

MARC details
000 -LEADER
campo de control de longitud fija 00719nam a2200145 4500
008 - DATOS DE LONGITUD FIJA--INFORMACIÓN GENERAL
campo de control de longitud fija 708 P152s
020 ## - NÚMERO INTERNACIONAL ESTÁNDAR DEL LIBRO
Número Internacional Estándar del Libro 9788417434007
082 ## - NÚMERO DE LA CLASIFICACIÓN DECIMAL DEWEY
Número de clasificación 708
Número de ítem P152s
100 ## - ENTRADA PRINCIPAL--NOMBRE DE PERSONA
Nombre de persona Paienwonsky, Raquel
9 (RLIN) 6656
245 ## - MENCIÓN DEL TÍTULO
Título Soy mi propio paisaje
260 ## - PUBLICACIÓN, DISTRIBUCIÓN, ETC.
Lugar de publicación, distribución, etc. Madrid
Nombre del editor, distribuidor, etc. Centro Atlántico de Arte Moderno
Fecha de publicación, distribución, etc. 2018
300 ## - DESCRIPCIÓN FÍSICA
Extensión 157 p.
Otras características físicas ill (col)
Dimensiones 24 x 18 cm
505 ## - NOTA DE CONTENIDO CON FORMATO
Título Presentación
Mención de responsabilidad Orlando Britto Jinorio
Título Accesorios sintéticos, cuerpos infinitamente interconectados
Mención de responsabilidad Miguel A. López
Título Raquel Paiewonsky. Entre el cuerpo y el paisaje
Mención de responsabilidad José Manuel Noceda Fernández
Título Obras expuestas
-- Biografía
-- Créditos y agradecimientos
650 ## - PUNTO DE ACCESO ADICIONAL DE MATERIA--TÉRMINO DE MATERIA
Subdivisión general arte contemporáneo
-- exhibiciones
-- identidad femenina
-- escultura
-- fotografía
-- República Dominicana
9 (RLIN) 6657
Holdings
Estatus retirado Estado de pérdida Fuente del sistema de clasificación o colocación Estado de daño No para préstamo Biblioteca de origen Biblioteca actual Ubicación en estantería Fecha de adquisición Total de préstamos Signatura topográfica completa Código de barras Visto por última vez Precio de reemplazo Tipo de ítem Koha
    Clasificación Decimal Dewey     Biblioteca LadoV Biblioteca LadoV   06/09/2018   708 P152s 002231 06/09/2018 06/09/2018 Material 01